000 00885nas a2200253Ia 4500
001 R107/44501
003 IT-RoPAU
008 151124c99999999xx |||||||||||| ||und||
040 _aIT-RoPAU
040 _cIT-RoPAU
041 _aFRANCESE
100 _aGermain Claude
_gCodice Aut. SPICS: 12786
210 _aCOMMUNICATION ET LANGAGES
222 _aCommunication Et Langages
245 _aCOMMUNICATION ET LANGAGES, N.29 (1976)
_bImage Dans L'Apprentissage Des Langues (L')
250 _a1a ed.
260 _aPARIS
_bRETZ/CEPL
_c1976
501 _bPaulus - SPICS - Società San Paolo EM (non-commercial uses only)
_cCopyright2015
300 _a18 p. [51-68]
362 _aN.29 (1976)
500 _aImmagine-Nell'Apprendimento-Delle-Lingue Comprensione-Dell'Immagine Gesti-Mimica-E-Fisionomia
650 _aCOMUNICAZIONE - LINGUAGGIO
_vPUBBLICAZIONE PERIODICA
942 _cCR
999 _c198158
_d198158